• 首页
  • 本馆介绍
  • 公告通知
  • 最新文献
  • 馆藏检索
  • 电子资源
  • 读者导购
  • 参考咨询
  • 我的图书馆
  • 登录
  • 详细信息显示
  • 放入我的书架
  • 预约/预借图书
  • 作者相关作品
  • 分类相关作品
  • 丛书相关作品
  • 出版社相关作品

书目信息

  • 表格格式
  • 工作单格式
  • 卡片格式
题名:
小学生作文精彩片断常用词汇手册
    
 
作者: 吴炳兴 , 胡根娣 编著
分册:  
出版信息: 武汉   湖北少年儿童出版社  1992.3
页数: 410页
开本: 19cm
丛书名:
单 册:
中图分类: G624.24 , G623.24
科图分类:
主题词: 作文--小学--手册
电子资源:
ISBN: 7-5353-0997-6
000 00905nam0 2200289 45
001 0192007838
005 20040426082910.2
010    @a7-5353-0997-6@dCNY3.90
020    @aCN@b92007838
100    @a19920806d1992 cdmy0chiy0121 ea
101 0  @achi
102    @aCN@b420000
105    @ay zde 000yy
106    @ar
200 10 @a小学生作文精彩片断常用词汇手册@Axiao xue sheng zuo wen jing cai pian duan chang yong ci hui shou ce@f吴炳兴,胡根娣编著@Fwu bing xing hu gen di bian zhu
205    @a3版
210    @a武汉@c湖北少年儿童出版社@d1992.3
215    @a410页@d19cm
330    @a全书分成记人篇、叙事篇、状物篇、绘景篇。
540 1  @a片断 词汇@Apian duan ci hui
606    @a作文@x小学@x手册
690    @aG624.24@v3
690    @aG623.24
701  0 @a吴炳兴@Awu bing xing@4编著
701  0 @a胡根娣@Ahu gen di@4编著
801  0 @aCN@bNLC@c19920806
905    @f1@b248337@dG623.24@e113=3
    
    小学生作文精彩片断常用词汇手册/吴炳兴,胡根娣编著.-3版.-武汉:湖北少年儿童出版社,1992.3
    410页;19cm
    
    
    ISBN 7-5353-0997-6:CNY3.90
    全书分成记人篇、叙事篇、状物篇、绘景篇。
●
相关链接 在E读中查询图书 在五车中查询图书 在当当中查询图书 在豆瓣中查询图书


正题名:小学生作文精彩片断常用词汇手册     索取号:G623.24/113=3         预约/预借

序号 登录号 条形码 馆藏地/架位号 状态 备注
1 0248337   000465990   密集书库/ [索取号:G623.24/113=3] 在馆    
2 0248338   000465954   第一样本阅览室/ [索取号:G623.24/113=3] 在馆    
唐山师范学院图书馆 欢迎您!
大连网信软件有限公司© 版权所有